LDR 01052naa#a2200169#i#450# 001 EN\\bibl\121324 005 20260517041732.7 011 ## _a1994-4683 100 ## _a20230803b2023####ek#y0engy0150####ca 102 ## _aRU 200 1# _aFEATURES OF THE PARENTAL POSITION IN ORGANIZING FAMILY READING FOR PRESCHOOL CHILDREN AND JUNIOR SCHOOL CHILDREN _eJournal article 210 1# _aMoscow _cNational State University of Physical Education, Sports and Health named after P.F. Lesgaft _d2023 215 ## _a4 с. 608 ## _aJournal article _2local 675 ## _aПроисхождение (источник) и причина свободного времени. Личные потребности, например потребности в покое. Социальный фон, например демократизация туризма. Материальные факторы,например, благосостояние. Природные факторы, например,ландшафт, климат. 379.8.091 _z 700 #1 _a _g 856 4# _auchzapiski.lesgaft.spb.ru _u